Peter Pan / (Record no. 177517)

MARC details
000 -LEADER
fixed length control field 01012nam a2200289 ia4500
005 - DATE AND TIME OF LATEST TRANSACTION
control field 20200609115409.0
008 - FIXED-LENGTH DATA ELEMENTS--GENERAL INFORMATION
fixed length control field 200609s2012 -uka j | 001 1 eng d
020 ## - INTERNATIONAL STANDARD BOOK NUMBER
International Standard Book Number 9781409312222
Terms of availability RM21.95
Qualifying information hardback
040 ## - CATALOGING SOURCE
Original cataloging agency PPAK
Language of cataloging eng
Transcribing agency PPAK
Description conventions rda
082 04 - DEWEY DECIMAL CLASSIFICATION NUMBER
Classification number 823.92
Edition number 23
090 00 - LOCALLY ASSIGNED LC-TYPE CALL NUMBER (OCLC); LOCAL CALL NUMBER (RLIN)
Classification number (OCLC) (R) ; Classification number, CALL (RLIN) (NR) 823.92
Feature heading BAR
Feature heading K
100 1# - MAIN ENTRY--PERSONAL NAME
Personal name Barrie, J. M. (James Matthew),
Dates associated with a name 1860-1937
Relator term author.
245 10 - TITLE STATEMENT
Title Peter Pan /
Statement of responsibility, etc. by Sir J.M. Barrie ; Retold by Joan Collins ; Illustrated by Annie Wilkinson
264 #1 - PRODUCTION, PUBLICATION, DISTRIBUTION, MANUFACTURE, AND COPYRIGHT NOTICE
Place of production, publication, distribution, manufacture London, United Kingdom :
Name of producer, publisher, distributor, manufacturer Ladybird Books,
Date of production, publication, distribution, manufacture, or copyright notice [2012?]
300 ## - PHYSICAL DESCRIPTION
Extent 71 pages :
Other physical details colour illustrations ;
Dimensions 21 cm
336 ## - CONTENT TYPE
Source rdacontent
Content type term text
337 ## - MEDIA TYPE
Source rdamedia
Media type term unmediated
338 ## - CARRIER TYPE
Source rdacarrier
Carrier type term volume
490 1# - SERIES STATEMENT
Series statement LADYBIRD CLASSICS
600 00 - SUBJECT ADDED ENTRY--PERSONAL NAME
Personal name Peter Pan (Fictitious character)
Form subdivision Juvenile fiction
650 10 - SUBJECT ADDED ENTRY--TOPICAL TERM
Topical term or geographic name entry element English fiction
Topical term or geographic name entry element Children's stories, English
700 1# - ADDED ENTRY--PERSONAL NAME
Personal name Collins, Joan,
Relator term author.
Personal name Wilkinson, Annie,
Relator term illustrator.
830 #0 - SERIES ADDED ENTRY--UNIFORM TITLE
Uniform title Ladybird classics
942 ## - ADDED ENTRY ELEMENTS (KOHA)
Source of classification or shelving scheme Dewey Decimal Classification
Koha item type Book
Holdings
Withdrawn Not for loan Current library Shelving location Date acquired Total Checkouts Full call number Barcode Date last seen Date last checked out Koha item type Total Renewals
    Perpustakaan Alor Setar Pinjaman Kanak-kanak 29/06/2020 10 K 823.92 BAR A01644619 22/12/2025 27/11/2025 Book  
    Perpustakaan Awam Sungai Petani Pinjaman Kanak-kanak 29/06/2020 11 K 823.92 BAR A01644620 19/03/2025 26/02/2025 Book 1
    Perpustakaan Kulim Pinjaman Kanak-kanak 29/06/2020 4 K 823.92 BAR A01644621 01/02/2025 21/12/2024 Book 2